| 000 | 01105nam0a22002891 4500 | ||
|---|---|---|---|
| 001 | v19\rc\1196082 | ||
| 005 | 20060306165132.0 | ||
| 035 | _a(NLR Aleph) 004362887 | ||
| 090 |
_a3396974 _c3396974 |
||
| 100 | _a20060306d1859 |||y0rusy50 ca | ||
| 101 | 0 | _arus | |
| 102 | _aRU | ||
| 105 | _ay z ||||| | ||
| 200 | 1 |
_aЗаписки артиллерии _eКурс II и III Специальн. класса [Михайловск. арт. училища] _e(Сост. по лекциям полк. Платова) |
|
| 210 |
_a[Санкт-Петербург _d1859] |
||
| 215 |
_a90 с. _d35 |
||
| 300 | _aВ сигнатуре сост.: подпоручик Смирнов | ||
| 309 | _aБез тит. л. и обл. | ||
| 309 | _aНаписано от руки. Литогр. | ||
| 700 | 1 |
_aПлатов _bА. С. _f1817-1891 _gАлександр Степанович |
|
| 702 | 1 |
_aСмирнов _bН. К. _gНиколай Кузьмич _4220 |
|
| 801 | 0 |
_aRU _bNLR _gpsbo |
|
| 801 | 1 |
_aRU _bProSoft-M _2rusmarc |
|
| 852 |
_aNLR _j18.250.1.298 |
||
| 852 |
_aNLR _j18.250.1.378 |
||
| 942 | _cBOOK | ||
| 980 | _aNB | ||